000 00300nam a22001337a 4500
008 170407b xxu||||| |||| 00| 0 eng d
020 _a9780891893226
041 _aeng
080 _a616
100 _a9
101 _aSHM
245 _aTHE ART SCIENCE CYTOPATHOLOGY
_cDEMAY.R.M
942 _2udc
_cBK
999 _c10286
_d10286